| 000 | 00513nam a22001817a 4500 | ||
|---|---|---|---|
| 005 | 20240830123615.0 | ||
| 008 | 240830b |||||||| |||| 00| 0 eng d | ||
| 020 | _a0627000916 | ||
| 041 | _aEnglish/Afrikaans | ||
| 082 | _a340.03 KRI | ||
| 100 | _lEnglish/Afrikaans | ||
| 245 | _aGroot Woordeboek | ||
| 250 | _aElfde Uitgawe | ||
| 260 |
_aPretoria: _bJ.L. Van Schaik Beperk, _c1977 |
||
| 300 |
_b1639 pages; _c25 cm. |
||
| 650 |
_aLegal practice _bLaw |
||
| 942 |
_cBK _6ALISON_BN_VRIES |
||
| 999 |
_c2967 _d2967 |
||